02472agaaa2200289 45000010005000000030009000050050017000140070009000310080040000400400023000800410013001031000055001161300026001712450177001972500022003742600111003963000034005075080143005415110065006845201165007495380016019145460013019306500056019437000067019997000059020667000057021254180IT-RoPAU20220918181244.0d cvaizq50131s9999||||xx ||| | || ||und|| aIT-RoPAUcIT-RoPAU aITALIANO aAntonioni MichelangelogCodice regista SPICS: 9853 aPROFESSIONE: REPORTER aPROFESSIONE: REPORTERcSceneggiatura: Antonioni Michelangelo Peploe Mark -- Diretto da: Antonioni MichelangelopPROFESSIONE: REPORTER (Rif. Codice opera principale : E4180) aEdizione Standard aROMA - PARIGI (ITALIA)bCHAMPION - LES FILMS CONCORDIA / g"1974 (1° ed.: 1996 ; Ed. Lingua Orig.: 1974)" aVHSbsonoro, col.c125 minuti a"Fotografia: Tovoli Luciano; Montaggio: Antonioni M Arcalli ; Musica: Peticca Sandro; Sceneggiatura: Antonioni Michelangelo Peploe Mark; " a"Hendry Ian; Nicholson Jack; Runacre Jenny; Schneider Maria" aDAVID LOCKE E' UN REPORTER 37ENNE, NATO IN INGHILTERRA E CRESCIUTO IN AMERICA, APPREZZATO NEI SUOI SERVIZI TELEVISIVI PERCHE DOTATO DI UNO STRAORDINARIO SPIRITO DI OSSERVAZIONE COME DICHIARA IL SUO PRODUTTORE MARTIN KNIGHT.MENTRE SI TROVA IN UNO SPERDUTO E SINISTRO ALBERGHETTO SAHARIANO SCOPRE CASUALMENTE IL CADAVERE DI UN CERTO ROBERTSON AL QUALE, APPROFITTANDO DI CERTE SOMIGLIANZE SOMATICHE, SI SOSTITUISCE. ENTRATO IN QUESTO GIUOCO PER FUGGIRE DAL PASSATO E DAL PRESENTE CHE L'HANNO NAUSEATO, SEGUENDO LE INDICAZIONIDI UN LIBRETTO D'APPUNTI DELLO SCOMPARSO - CHE SCOPRE ESSERE UN MERCANTE D'ARMI SCHIERATO DALLA PARTE DEL FRONTE UNITARIO DI LIBERAZIONE DI UN NUOVO PAESE AFRICANO - VAGA DA MONACO A GINEVRA A BARCELLONA. SUA MOGLIE, DECISA A RINTRACCIARE ROBERTSON PER SAPERNE DI PIU SULLA SCOMPARSA DEL MARITO, INVOLONTARIAMENTE MUOVE ATTORNO AL MARITO IL MECCANISMO DELLA POLIZIA E DELLADIPLOMAZIA COLLEGATE. LOCKE VORREBBE DESISTERE, MA VIENE STIMOLATO E AIUTATO DA UNA SCONOSCIUTA STUDENTESSA CHE LO ACCOMPAGNA DA BARCELLONA ALL'ALMERIQUI, PRIMA CHE DALLA MOGLIE E DALLA POLIZIA, VIENE RAGGIUNTO DAI KILLERS DEL DESPOTA AFRICANO DECISO AD ELIMINARLO. aPAL, STEREO aITALIANO aDRAMMATICOeFILMS [VHS]xCodice MATERIA SPICS: 9960 aAntonioni Michelangelo e(regista)gCodice regista SPICS: 9853 aPeploe Mark e(soggetto)gCodice Soggetto SPICS: 48283 aPeticca Sandroe(musica)gCodice Musica SPICS: 48282